| 000 | 00869nam a2200229Ia 4500 | ||
|---|---|---|---|
| 999 |
_c53240 _d53240 |
||
| 001 | 20281 | ||
| 003 | GE_BSU | ||
| 005 | 20200825183632.0 | ||
| 008 | 181216s1977||||ge |||||||||||||| ||geo|| | ||
| 040 | _cGE_BSU | ||
| 041 | _ageo | ||
| 080 | _a811.353.1'351 მ-43 | ||
| 100 |
_aმაჭავარიანი, ელენე _97337 |
||
| 245 |
_aქართული ანბანი / _cელენე მაჭავარიანი. |
||
| 264 |
_aთბილისი : _bგანათლება, _c1977. |
||
| 300 |
_a18 გვ. : _bილ. ; _c20 სმ. |
||
| 500 | _aპარალ. ტექსტი რუს. და ინგლ. ენებზე | ||
| 520 | _aპარალ. ტექსტი რუს. და ინგლ. ენ. | ||
| 541 | _h76თ. | ||
| 653 | _aქართული ანბანი | ||
| 942 |
_cBK _2udc |
||